Jahodová palacinkáreň (Record no. 21912)
[ view plain ]
| 000 -LEADER | |
|---|---|
| fixed length control field | 00960nam a22003133 4500 |
| 001 - CONTROL NUMBER | |
| control field | 21912 |
| 003 - CONTROL NUMBER IDENTIFIER | |
| control field | VRT |
| 005 - DATE AND TIME OF LATEST TRANSACTION | |
| control field | 20260313184155.0 |
| 008 - FIXED-LENGTH DATA ELEMENTS--GENERAL INFORMATION | |
| fixed length control field | 260302s2026 xo 000 0 slo d |
| 020 ## - INTERNATIONAL STANDARD BOOK NUMBER | |
| International Standard Book Number | 9788083052574 |
| Qualifying information | (viazané) |
| 035 ## - SYSTEM CONTROL NUMBER | |
| System control number | a000784597 |
| 039 #9 - LEVEL OF BIBLIOGRAPHIC CONTROL AND CODING DETAIL [OBSOLETE] | |
| Level of rules in bibliographic description | 202603021339 |
| Level of effort used to assign nonsubject heading access points | Svikruhap |
| 040 ## - CATALOGING SOURCE | |
| Original cataloging agency | UKB |
| Language of cataloging | slo |
| Modifying agency | UKB |
| Description conventions | rda |
| 041 0# - LANGUAGE CODE | |
| Language code of text/sound track or separate title | slo |
| 044 ## - COUNTRY OF PUBLISHING/PRODUCING ENTITY CODE | |
| MARC country code | xo |
| ISO country code | SK |
| 100 1# - MAIN ENTRY--PERSONAL NAME | |
| Personal name | Gilmore, Laurie |
| 245 10 - TITLE STATEMENT | |
| Title | Jahodová palacinkáreň |
| 250 ## - EDITION STATEMENT | |
| Edition statement | Vydanie 1. |
| 264 #1 - PRODUCTION, PUBLICATION, DISTRIBUTION, MANUFACTURE, AND COPYRIGHT NOTICE | |
| Place of production, publication, distribution, manufacture | Bratislava |
| Name of producer, publisher, distributor, manufacturer | Grada Slovakia, s.r.o. - Metafora |
| Date of production, publication, distribution, manufacture, or copyright notice | 2026 |
| 300 ## - PHYSICAL DESCRIPTION | |
| Extent | 343 strán |
| 336 ## - CONTENT TYPE | |
| Content type term | text |
| Content type code | txt |
| Source | rdacontent |
| 337 ## - MEDIA TYPE | |
| Media type term | bez média |
| Media type code | n |
| Source | rdamedia |
| 338 ## - CARRIER TYPE | |
| Carrier type term | zväzok |
| Carrier type code | nc |
| Source | rdacarrier |
| 500 ## - GENERAL NOTE | |
| General note | Vydala Grada Slovakia, s.r.o. pod značkou Metafora |
| 942 ## - ADDED ENTRY ELEMENTS (KOHA) | |
| Source of classification or shelving scheme | Dewey Decimal Classification |
| Koha item type | Krásna literatúra pre dospelých |
| Suppress in OPAC | No |
| 949 ## - LOCAL PROCESSING INFORMATION (OCLC) | |
| 6 | 1800990128 |
| a | SJ.D.47166 |
| b | PV.2026-988 |
| s | 6701:20260302 |
| 949 ## - LOCAL PROCESSING INFORMATION (OCLC) | |
| 6 | 1800990129 |
| a | 33.D.76665 |
| b | PV.2026-992 |
| 980 ## - EQUIVALENCE OR CROSS-REFERENCE-SERIES STATEMENT--PERSONAL NAME/TITLE [LOCAL, CANADA] | |
| Personal name | Grada Slovakia, s.r.o., Moskovská 29, 811 08 Bratislava |
| Stav vyradenia | Strata | Poškodenie | Spôsob nadobudnutia | Domovská knižnica | Aktuálna knižnica | Dátum nadobudnutia | Cena | Total checkouts | Čiarový kód exemplára | Date last seen | Typ exemplára |
|---|---|---|---|---|---|---|---|---|---|---|---|
| Kúpa | Obecná knižnica Diaková | Obecná knižnica Diaková | 13.03.2026 | 15.87 | 4734501529 | 13.03.2026 | Krásna literatúra pre dospelých |
